Racial politics in contemporary Brazil = La política racial en el Brasil contemporáneo /
Na minha lista:
| Autor principal: | |
|---|---|
| Formato: | Desconhecido |
| Idioma: | English |
| Publicado em: |
Durham [N.C.] :
Duke University Press,
1999.
|
| Assuntos: | |
| Tags: |
Adicionar Tag
Sem tags, seja o primeiro a adicionar uma tag!
|
MARC
| LEADER | 000000000a22000000004500 | ||
|---|---|---|---|
| 001 | 014222 | ||
| 020 | |a 1999 | ||
| 041 | 0 | |a eng | |
| 082 | 0 | 4 | |a 323.119 |b H234r |
| 100 | 1 | |a Hanchard, Michael George | |
| 245 | 1 | 0 | |a Racial politics in contemporary Brazil = |b La política racial en el Brasil contemporáneo / |c Michael George Hanchard. |
| 246 | 3 | 1 | |a La política racial en el Brasil contemporáneo |
| 260 | 1 | |a Durham [N.C.] : |b Duke University Press, |c 1999. | |
| 300 | |a 225 páginas ; |c 24 cm. | ||
| 650 | 4 | |a NEGROS | |
| 650 | 4 | |a POLITICA Y GOBIERNO | |
| 650 | 4 | |a RELACIONES RACIALES | |
| 650 | 4 | |a ASPECTOS POLITICOS | |
| 650 | 4 | |a POLITICA Y GOBIERNO | |
| 650 | 4 | |a 1985-2002 | |
| 650 | 4 | |a BRASIL | |
| 500 | |a Colección George Yúdice | ||
| 999 | |c 20117 |d 20117 | ||
| 942 | |c BK |h 323.119 H234r |2 z | ||
